Land und Haupstadt - Statistiken

Allgemein
  • Dieses Quiz wurde 95 mal gespielt
  • Das Durchschnittsergebnis liegt bei 13 aus 30
Antwortstatistiken
Ladtstand Land & Stadt % Korrekt
Nakipeching Peking
88%
Nakipeching China
87%
Pehwantai Taiwan
84%
Pehwantai Taipeh
77%
Marupeli Peru
64%
Marupeli Lima
61%
Akdadbagir Bagdad
57%
Likomaba Mali
57%
Akdadbaghir Irak
56%
Rananteheir Iran
53%
Rananteheir Teheran
52%
Talletvamal Malta
42%
Talletvamal Valletta
42%
Dawakanott Kanada
39%
Lagodaluan Angola
38%
Dawacanott Ottawa
38%
Keikarantur Ankara
35%
Likomaba Bamako
35%
Keikarantur Turkei
35%
Renauruya Nauru
34%
Galkarneseda Senegal
32%
Galkarneseda Dakar
30%
Lagodaluan Luanda
30%
Katmanomas Oman
29%
Katmanomas Maskat
25%
Vanbanahaku Kuba
23%
Vanbanahaku Havanna
22%
Renauruya Yaren
17%
Camironiseaudo Dominica
16%
Camironiseaudo Roseau
9%
Keine übereinstimmenden Quizze gefunden
Verteilung der Resultate
Anzahl Personen mit jedem Resultat
Perzentil nach korrekt beantworteten Fragen
Ihre Resultats-Entwicklung
Sie haben dieses Quiz noch nicht gespielt